000 03253nam a2200313Ia 4500
005 20240408110611.0
008 130821s2011 ck gr dspa
020 _a9789584902740
020 _a9789584902733
020 _a9789584902757
020 _a9789584986085
020 _a97895849027333
040 _aCO-BoUCM
_bspa
_cSandra Yazo (modificó)
_dSandra Yazo (modificó)
041 0 0 _aspa
082 0 4 _a929.2
_220
092 _aE63N155
100 1 _aGarcía Vázquez, Julio César
_9180465
245 1 3 _aLa descendencia de la serpiente o ser sapiente
_cJulio César García Vázquez
260 _aBogotá (Colombia)
_bIntergráficas S. A.
_c2021
300 _a3 volúmenes (506 ; 590 ; 583 páginas)
_c28 x 21 cm.
500 _aDetalles físicos: Encuadernación flexible en cartulina.Tapas impresas. Texto impreso en una y dos columnas. Tablas e ilustraciones entre el texto. Incluye como anexo 4 hojas plegadas 3 copias y CD1: La descendencia de la serpiente o ser sapiente Julio César García Vázquez y CD 2: Fundador de la Universidad La Gran Colombia, Julio cesar García Valencia. Donación al archivo por Julio Cesar García Vásquez (2023)
500 _aIncluye índice.
505 _aV.1: Indice de esquemas de interconexión familiar ; El origen de la Descendencia de la Serpiente o ser sapiente y su ubicación en el tiempo y en el espacio ; La inteligencia del ser sapiente ; El Edeén ; Lilith ; Adan y Eva no eran Homo sapiens ; Caín y Set ; Los años de Adén a Isaac ; La destrucción de Sodoma y Gomorra ; La era de Aries ; La era de Piscis ; Los Iluminados de Baviera -- V.2: Participación de Vikingos, cruzados y templarios en el descubrimientos de América ; Avances previos al primer viaje de Cristóbal Colón: Los avances de Portugal en la navegación impulsada con la ayuda de los templarios y/o caballeros de la orden de Cristo de Portugal y el parentesco de los suegros de Cristóbal Colon con estos navegantes ; ¿Quién era realmente Cristóbal el descubridor de América? Otros aportes genealógicos al descubrimiento de América ; Parte de la riqueza del descendiente de vikingos Guillermo I de Hesse Kassel fue desfalcada por Mayer Amschel Bauer y de allí surgió la riqueza de los Rothschild, los Iluminati y el dominio mundial ; El Ultracapitalismo - el Sinonismo y el Marxismo: Su actuación conjunta universal, incluyendo a Colombia -- V.3: Revolución Rusa y la primera Guerra Mundial inducida y financiada por los grandes banqueros que han venido impulsado el Nuevo Orden Mundial ; Las Guerras de Estados Unidos ; El nuevo orden mundial o la guerra de unos pocos por dominar la tierra ; La segunda Guerra mudial: de Thule al desastre de la Segunda Guerra Mundial – en la sociedad Thule a un hombrecillo apellidado Hitler (posible bisnieto de Salomón Mayer Rothschild) lo convirtieron en el III Reich ; La Guerra de las Drogas, el Narcotráfico y la guerra que Estados Unidos le trajo a Colombia ; La guerra por la riquezas ; La guerra por dominar la mente y comportamiento de los humanos
506 _aConsulta en sala
650 7 _aBiografías
_97343
650 7 _aGenealogía
_916298
690 _aHistoria universal
_916951
942 _cLIBRO
_a19
_e1
_mG326
_2LOCAL
_hE63N155
999 _c324085
_d324085